01430nas a2200409 a 450000100060000000300080000600500170001400600190003100700150005000800410006502200140010603500210012004000260014105000260016708000210019311000470021422200220026124501910028326000640047430000150053836200300055353301640058365000110074765000140075865000130077265000120078565000140079765000120081165000200082365000110084365300160085465500290087071000190089974000230091885600620094199900170100392098FlNmELB20241217172103.0m o d | cr cn|||||||||200805r20072008sp |||||s|||||||||||spa d a1130-5274 a(OCoLC)955391478 aFlNmELBbspacFlNmELB 4aRC280.B8bC691 2007eb a616-006.6:618.191 aColegio Oficial de Psicólogos de Madrid. 0aClínica y Salud10aImagen corporal y autoestima en mujeres con cáncer de mama participantes en un programa de intervención psicosocialh[recurso electronico]cColegio Oficial de Psicólogos de Madrid. aMadrid :bColegio Oficial de Psicólogos de Madrid,c2007. a133-252 p.0 aVol. 18, Núm. 2 (2007)- aRecurso electrónico. Santa Fe, Arg.: e-libro, 2015. Disponible vía World Wide Web. El acceso puede estar limitado para las bibliotecas afiliadas a e-libro. 4aSalud. 4aCáncer. 4aMujeres. 0aHealth. 0aOncology. 0aCancer. 0aBreastxCancer. 0aWomen. aOncología 4aRevistas electrónicas.2 ae-libro, Corp.02aClínica y salud.40uhttps://elibro.net/ereader/politecnicointernacional/82543 c92098d92098